000 00247nam a2200109Ia 4500
008 190216s9999||||xx |||||||||||||| ||und||
100 _aLouis A Allen
245 0 _aManagement And Organisation
260 _bNull
_c1978
300 _a353p
942 _cBK
999 _c4149
_d4149